000 01015nam a2200301 a 4500
003 BLK
005 20250127161518.0
007 ta
008 241105b bu |||||r|||| 00| | bu d
020 _a9781292346861
040 _aBLK
041 _aENG
_cENG
080 _9226879
_aАнглийски език
_b811.111
_x(048.6)
_z811.111(048.6)
084 _aS 20
100 _9495916
_aSanders, Mo
245 _aRatatouille : (rat-a-too-ee)
_bA2-A2+
_cMo Sanders
260 _aHarlow
_9209830
_bPearson Education
_c2021
300 _a36 p.
_bill.
_c23 cm
380 _aDN
490 _9495900
_aPearson English Kids readers
_vLevel 5
490 _9206211
_aDisney / Pixar
650 0 _9337534
_aАнглийски език - за деца - адаптирани книги
653 _9180438
_aадаптирани книги
852 _aДН 811.111(048.6)/S 20 M
_bД
856 _i0.00
_ldisable
942 _cKNG
_n0
_04
944 _cГеновева Генчева
_k30564
_lАнна Гръцманова
_a30560
999 _c521191
_d521191